[Event "TCh-RUS"]
[Site "Togliatti RUS"]
[Date "2003.05.23"]
[Round "8"]
[White "Vekshenkov,N"]
[Black "Nevostrujev,V"]
[Result "1-0"]
[WhiteElo "2417"]
[BlackElo "2528"]
[EventDate "2003.05.16"]

1. d4 Nf6 2. Nf3 g6 3. c4 Bg7 4. Nc3 O-O 5. e4 d6 6. Be2 Na6 7. O-O e5 8.
Be3 Ng4 9. Bg5 Qe8 10. dxe5 dxe5 11. Nd2 Bf6 12. h4 Bxg5 13. hxg5 Qd8 14.
Bxg4 Bxg4 15. Qxg4 Qxd2 16. Nd5 Nc5 17. Qg3 Ne6 18. Ne7+ Kh8 19. Qxe5+ Ng7
20. Rfd1 Qe2 21. Rd7 Rad8 22. Qxc7 Rxd7 23. Qxd7 Qxb2 24. Re1 Ne6 25. Nd5
Nxg5 26. Qe7 Ne6 27. e5 h5 28. Nf4 Qd2 29. Re3 Qd1+ 30. Kh2 Qd8 31. Nxg6+
fxg6 32. Qxe6 Qh4+ 33. Qh3 Qxc4 34. Rf3 Rxf3 35. Qxf3 Qxa2 36. Qf6+ Kh7 37.
e6 1-0

[Event "TCh-RUS"]
[Site "Togliatti RUS"]
[Date "2003.05.23"]
[Round "8"]
[White "Lubashov,A"]
[Black "Batsanin,D"]
[Result "1-0"]
[WhiteElo "2414"]
[BlackElo "2431"]
[EventDate "2003.05.16"]

1. e4 c5 2. d3 Nc6 3. g3 g6 4. Bg2 Bg7 5. f4 d6 6. Nf3 e6 7. O-O Nge7 8. c3
O-O 9. Be3 b6 10. Bf2 Qd7 11. Na3 Ba6 12. Re1 h6 13. d4 cxd4 14. Nxd4 Rfd8
15. Nxc6 Nxc6 16. Qa4 Na5 17. Qxd7 Rxd7 18. Nc2 Rc8 19. Nb4 Bb7 20. Rad1
Kf8 21. Re2 Ke7 22. Bd4 Bxd4+ 23. Rxd4 Nc4 24. Rd1 b5 25. Nd3 a5 26. Kf2 g5
27. Ne1 Rdc7 28. Nf3 gxf4 29. gxf4 Rg8 30. Nd4 Rc5 31. Bf3 b4 32. b3 Nb6
33. c4 Nc8 34. Nc2 Bc6 35. Ree1 e5 36. Ne3 exf4 37. Nf5+ Kf6 38. Nxd6 Nxd6
39. e5+ Kf5 40. exd6 Bxf3 41. Kxf3 Rd8 42. d7 Rc7 43. Rd5+ Kf6 44. Red1 Ke7
45. Kxf4 a4 46. h4 a3 47. h5 Rc6 48. R1d4 Rf6+ 49. Rf5 Rc6 50. Re5+ Kf8 51.
Kf5 Rc7 52. Red5 Ke7 53. Rd6 Rc5+ 54. R4d5 Rc7 55. Ke5 Ra7 56. Kd4 Rc7 57.
c5 Rcxd7 58. Rxd7+ Rxd7 59. Rxd7+ Kxd7 60. Kc4 f5 61. Kxb4 1-0

[Event "TCh-RUS"]
[Site "Togliatti RUS"]
[Date "2003.05.23"]
[Round "8"]
[White "Babiy,A"]
[Black "Bogachkov,I"]
[Result "1/2-1/2"]
[WhiteElo "2471"]
[BlackElo "2324"]
[EventDate "2003.05.16"]

1. d4 Nf6 2. Nf3 g6 3. Bf4 Bg7 4. e3 O-O 5. h3 d6 6. c3 Nfd7 7. Bc4 e5 8.
dxe5 dxe5 9. Bh2 Qe7 10. Nbd2 a5 11. O-O a4 12. a3 Nc5 13. e4 c6 14. Qc2 b5
15. Be2 Nba6 16. c4 b4 17. axb4 Nxb4 18. Qc3 Rb8 19. Bxe5 Bxe5 20. Nxe5 Re8
21. Nef3 Nxe4 22. Nxe4 Qxe4 23. Rxa4 Nd5 24. Qc1 Bxh3 25. Bd1 Nb6 26. Ra3
Qg4 27. Nh4 Qxh4 28. Rxh3 Qxc4 29. Qh6 Qd4 30. Qxh7+ Kf8 31. b3 Nd5 32.
Qh6+ Kg8 33. Qh7+ Kf8 34. Bf3 Qg7 35. Bxd5 Qxh7 36. Rxh7 cxd5 37. Rh8+ Kg7
38. Rxe8 Rxe8 39. Rb1 Rb8 40. Kf1 Kf6 41. Ke2 Ke5 42. Kd3 Rb4 43. Kc3 Rg4
44. g3 1/2-1/2

[Event "TCh-RUS"]
[Site "Togliatti RUS"]
[Date "2003.05.24"]
[Round "9"]
[White "Popov,Val"]
[Black "Belozerov,A"]
[Result "0-1"]
[WhiteElo "2570"]
[BlackElo "2533"]
[EventDate "2003.05.16"]

1. d4 Nf6 2. c4 e6 3. Nc3 Bb4 4. Qc2 c5 5. dxc5 Qc7 6. Nf3 Bxc5 7. Bg5 a6
8. e3 Be7 9. Be2 b6 10. O-O Bb7 11. Rfd1 d6 12. h3 Nbd7 13. Bh4 O-O 14. Bg3
Rfd8 15. Rac1 Rac8 16. b4 Qb8 17. a3 Nf8 18. Qb1 Qa8 19. Na4 Be4 20. Qb2
Qb7 21. Nc3 Ng6 22. Rd4 Bc6 23. a4 Ne4 24. Nxe4 Bxe4 25. Rdd1 e5 26. Ne1 a5
27. f3 Bc6 28. b5 Bd7 29. Nd3 Be6 30. Qb3 Bh4 31. Bxh4 Nxh4 32. Nb2 Qe7 33.
Bf1 Qg5 34. Kf2 Nf5 35. Qa3 Qg3+ 36. Ke2 Nh4 37. Rxd6 e4 38. f4 Nxg2 39.
Rc3 Qe1+ 0-1

[Event "TCh-RUS"]
[Site "Togliatti RUS"]
[Date "2003.05.24"]
[Round "9"]
[White "Ovetchkin,R"]
[Black "Timofeev,Ar"]
[Result "0-1"]
[WhiteElo "2535"]
[BlackElo "2577"]
[EventDate "2003.05.16"]

1. e4 c5 2. Nf3 d6 3. d4 cxd4 4. Nxd4 Nf6 5. Nc3 g6 6. Bg5 Bg7 7. Bb5+ Bd7
8. Qe2 Bxb5 9. Qxb5+ Qd7 10. O-O-O Nc6 11. Nb3 Rc8 12. f4 a6 13. Qb6 Qc7
14. Qxc7 Rxc7 15. Bxf6 Bxf6 16. Nd5 Rd7 17. Nxf6+ exf6 18. c3 Kd8 19. Nd2
b5 20. Nf1 Re8 21. Ne3 Rxe4 22. Nd5 Re6 23. f5 gxf5 24. Rhf1 Ne7 25. Nxe7
Kxe7 26. Rxf5 Rc7 27. Kd2 Rc5 28. Rdf1 Rce5 29. R1f2 d5 30. R5f4 Re4 31. g3
h5 32. Rxe4 dxe4 33. Ke3 Re5 34. Rd2 f5 35. Kf4 f6 36. b4 Ke6 37. Rd8 e3
38. Rd1 e2 39. Re1 Kd5 40. Kf3 Kc4 0-1

[Event "TCh-RUS"]
[Site "Togliatti RUS"]
[Date "2003.05.24"]
[Round "9"]
[White "Sherbakov,V"]
[Black "Meister,Y"]
[Result "1-0"]
[WhiteElo "2446"]
[BlackElo "2513"]
[EventDate "2003.05.16"]

1. d4 d5 2. c4 dxc4 3. Nf3 e6 4. e4 b5 5. a4 c6 6. Nc3 b4 7. Nb1 Ba6 8. Bg5
Qa5 9. Qc1 h6 10. Be3 c3 11. bxc3 bxc3 12. Nxc3 Bb4 13. Bd2 Nf6 14. e5 Bxf1
15. Kxf1 Bxc3 16. exf6 Bxd2 17. fxg7 Rg8 18. Nxd2 Qg5 19. Ne4 Qxg7 20. Qf4
Nd7 21. g3 Qg4 22. Qxg4 Rxg4 23. f3 Rg6 24. Rb1 e5 25. dxe5 Nxe5 26. f4 f5
27. Nc5 Ng4 28. Re1+ Kf7 29. Kg2 Rd8 30. Re2 Rd5 31. Rc1 Rgd6 32. Rcc2 a5
33. Kh3 Nf6 34. Re5 Ng4 35. Ree2 Nf6 36. Kh4 Ne8 37. Rb2 Nf6 38. Rb7+ Nd7
39. Rc2 Ke7 40. Nxd7 Rxd7 41. Rb6 c5 42. Rxh6 Rd8 43. Rc6 Rh8+ 44. Kg5 Rg8+
45. Kh5 Kf7 46. Rc7+ Kf6 47. Rc6+ Kf7 48. Rh6 Ke7 49. Rh7+ Kd6 50. Rh6+ Kd7
51. Rb2 Rd6 52. Rb7+ Kc6 53. Rb6+ Kxb6 54. Rxd6+ Kc7 55. Rd5 Kc6 56. Rxf5
c4 57. Rxa5 Rd8 58. Re5 Rd5 59. Rxd5 Kxd5 60. f5 c3 61. f6 Ke6 62. Kg6 c2
63. f7 c1=Q 64. f8=Q Qc2+ 65. Kg5 Qxh2 1-0

[Event "TCh-RUS"]
[Site "Togliatti RUS"]
[Date "2003.05.24"]
[Round "9"]
[White "Nevostrujev,V"]
[Black "Grachev,B"]
[Result "0-1"]
[WhiteElo "2528"]
[BlackElo "2483"]
[EventDate "2003.05.16"]

1. e4 c5 2. Nf3 d6 3. d4 cxd4 4. Nxd4 Nf6 5. Nc3 a6 6. Bg5 Nc6 7. Qd2 e6 8.
O-O-O Nxd4 9. Qxd4 Be7 10. Bd3 e5 11. Qa4+ Bd7 12. Qb3 b5 13. Bxf6 Bxf6 14.
Nd5 O-O 15. Kb1 Bg5 16. c4 Qb8 17. h4 Bd8 18. cxb5 axb5 19. h5 h6 20. Bc2
Qa7 21. Rd2 Be6 22. a3 b4 23. a4 Bg5 24. Re2 Rfb8 25. Qd3 Bd7 26. Qb3 Qc5
27. Qa2 Bb5 28. Ree1 Bxa4 29. Bxa4 b3 30. Qxb3 Rxb3 31. Bxb3 Rb8 32. Rh3
Qxf2 33. Rd1 Qxg2 34. Rhd3 Qxe4 35. Bc2 Qe2 36. Nc3 Qxh5 37. Rxd6 g6 38.
Ne4 Qf3 39. Rd7 Qa3 40. Rd8+ Bxd8 41. Rxd8+ Rxd8 42. bxa3 f5 43. Bb3+ Kg7
44. Nc5 Kf6 45. a4 h5 46. Bc4 h4 47. Nd3 h3 48. Nf2 h2 49. Kc2 e4 50. a5 g5
51. a6 g4 52. Nh1 Ke5 53. Be2 Kf4 54. Bf1 Kf3 55. a7 g3 0-1

[Event "TCh-RUS"]
[Site "Togliatti RUS"]
[Date "2003.05.24"]
[Round "9"]
[White "Geller,J"]
[Black "Lubashov,A"]
[Result "1-0"]
[WhiteElo "2441"]
[BlackElo "2414"]
[EventDate "2003.05.16"]

1. d4 Nf6 2. Nc3 d5 3. Bg5 Nbd7 4. Nf3 c6 5. e3 Qa5 6. Bd3 Ne4 7. O-O Nxg5
8. Nxg5 Nf6 9. e4 Bg4 10. f3 dxe4 11. Ncxe4 Bh5 12. Nxf6+ gxf6 13. Ne4 Bg6
14. c3 O-O-O 15. b4 Qa3 16. Rb1 e5 17. Rb3 Qa4 18. Qc1 c5 19. bxc5 exd4 20.
cxd4 Qxd4+ 21. Kh1 Rd7 22. c6 bxc6 23. Qxc6+ Kd8 24. Rb8+ Ke7 25. Re1 Qe5
26. Re8+ 1-0

[Event "TCh-RUS"]
[Site "Togliatti RUS"]
[Date "2003.05.24"]
[Round "9"]
[White "Bogachkov,I"]
[Black "Frolyanov,D"]
[Result "1/2-1/2"]
[WhiteElo "2324"]
[BlackElo "2500"]
[EventDate "2003.05.16"]

1. e4 c5 2. Nf3 e6 3. c3 d5 4. d3 Nf6 5. Qc2 Nc6 6. Bg5 h6 7. Bh4 g5 8. Bg3
Nh5 9. Ne5 Nxg3 10. Nxc6 Qc7 11. hxg3 Qxc6 12. Be2 b6 13. Bf3 Bb7 14. exd5
exd5 15. O-O O-O-O 16. c4 Bg7 17. Nc3 Bxc3 18. Qxc3 Qd6 19. cxd5 f5 20. d4
c4 21. b3 g4 22. Be2 Qxd5 23. Qxc4+ Qxc4 24. Bxc4 Rxd4 25. Be6+ Kb8 26.
Bxf5 Rf8 27. Be6 Rf6 28. Bc4 Rd2 29. a4 Bd5 30. Bxd5 Rxd5 31. Rad1 Rfd6 32.
Rxd5 Rxd5 33. Re1 Kc8 34. Re4 h5 35. b4 Rd1+ 36. Kh2 Rd2 37. Rf4 a6 38. Kg1
Rd1+ 39. Kh2 Rd2 40. Rf5 Kd7 41. b5 axb5 42. axb5 Ke6 43. Rxh5 Rxf2 44. Kg1
Rf5 45. Rh6+ Rf6 46. Rh4 Rf5 47. Rh6+ Rf6 48. Rh4 Rf5 49. Rxg4 Rxb5 50. Rf4
Rf5 51. Kf2 Kf6 52. Ke3 Kg5 1/2-1/2

[Event "TCh-RUS"]
[Site "Togliatti RUS"]
[Date "2003.05.24"]
[Round "9"]
[White "Yandemirov,V"]
[Black "Bocharov,D"]
[Result "1/2-1/2"]
[WhiteElo "2475"]
[BlackElo "2492"]
[EventDate "2003.05.16"]

1. e4 c5 2. Nf3 e6 3. c4 Nc6 4. Nc3 Nf6 5. Be2 d5 6. exd5 exd5 7. d4 Be6 8.
Be3 dxc4 9. O-O a6 10. dxc5 Ng4 11. Bf4 Bxc5 12. Ne4 Be7 13. Nfg5 Nge5 14.
Nxe6 fxe6 15. Bxe5 Nxe5 16. Qc2 Rc8 17. Qc3 Qd5 18. f3 O-O 19. Rfd1 Qb5 20.
a4 Qb6+ 21. Kh1 Qc7 22. b3 b5 23. axb5 axb5 24. bxc4 Nxc4 25. Qb3 Rf5 26.
Ra6 Qe5 27. Bxc4 Rxc4 28. Qd3 Qd5 29. Qb1 Rb4 30. Qc2 Rxe4 31. Qb1 Qe5 32.
Qd3 Rf8 33. Ra7 Rf7 34. Qd7 Qf5 35. Qe8+ Bf8 36. Rxf7 Qxf7 37. Qxb5 Rb4 38.
Qc6 h6 39. h3 Rb2 40. Qc3 Rb5 41. Qc6 Rb2 42. Qc3 Rb5 1/2-1/2

[Event "TCh-RUS"]
[Site "Togliatti RUS"]
[Date "2003.05.24"]
[Round "9"]
[White "Frolov,D"]
[Black "Gabdrakhmanov,R"]
[Result "1-0"]
[WhiteElo "2418"]
[BlackElo "2427"]
[EventDate "2003.05.16"]

1. e4 e5 2. Nc3 Nf6 3. Nf3 d6 4. d4 Nbd7 5. Bc4 Be7 6. O-O O-O 7. Re1 c6 8.
a4 Qe8 9. h3 Bd8 10. dxe5 Nxe5 11. Nxe5 dxe5 12. b3 Be7 13. Qf3 Nd7 14. Ne2
Nb6 15. Bd3 Be6 16. Ng3 Bb4 17. Rd1 f6 18. Nf5 Rf7 19. h4 Rd8 20. h5 Bf8
21. Be3 Rfd7 22. Be2 Rxd1+ 23. Rxd1 Rxd1+ 24. Bxd1 Qd7 25. g4 h6 26. Be2
Nc8 27. Qg2 b5 28. axb5 cxb5 29. Qf1 Qc6 30. Bd3 a6 31. Qa1 Nd6 32. Nxd6
Bxd6 33. f3 Bb4 34. Kg2 Kf7 35. Bf2 Bc3 36. Qf1 Qd6 37. Bg1 Bd7 38. Bc4+
Ke7 39. Bd5 Qb4 40. Qd3 a5 41. Be3 a4 42. bxa4 bxa4 43. Ba2 Bd4 44. Bd2 Qb5
45. Qxb5 Bxb5 46. Bb4+ Ke8 47. c4 Bc6 48. Ba3 Bd7 49. Kf1 Be6 50. Ke2 Kd7
51. Bf8 g5 52. hxg6 Ke8 53. Bxh6 Bc5 54. Kd3 Be7 55. Bg7 Kd7 56. Kc2 Kc6
57. Kb1 Kc5 58. Bh6 Bd8 59. Be3+ Kd6 60. c5+ Ke7 61. Bxe6 Kxe6 62. c6 1-0

[Event "TCh-RUS"]
[Site "Togliatti RUS"]
[Date "2003.05.24"]
[Round "9"]
[White "Rodchenkov,V"]
[Black "Loskutov,O"]
[Result "1/2-1/2"]
[WhiteElo "2417"]
[BlackElo "2439"]
[EventDate "2003.05.16"]

1. e4 c5 2. d3 d6 3. g3 g6 4. Bg2 Bg7 5. Ne2 Nc6 6. O-O Nf6 7. c4 O-O 8.
Nbc3 a6 9. a4 Rb8 10. Rb1 Ne8 11. Be3 Nd4 12. b4 Nc7 13. Bxd4 cxd4 14. Nd5
b6 15. Qc2 e6 16. Nxc7 Qxc7 17. Qb2 e5 18. f4 f5 19. Qb3 Kh8 20. Rf2 Bb7
21. exf5 Bxg2 22. Rxg2 gxf5 23. Rf1 e4 24. g4 fxg4 25. dxe4 Rbc8 26. Re1
Rce8 27. Qd3 Qb7 28. Ng3 Rxf4 29. Rf1 Rxf1+ 30. Kxf1 Qc6 31. b5 axb5 32.
axb5 Qa8 33. Rd2 Re7 34. Kg2 Rf7 35. Rf2 Rxf2+ 36. Kxf2 Qa2+ 37. Ne2 Be5
38. Kg2 Kg7 39. h3 h5 40. hxg4 hxg4 41. Kf1 Kg6 42. Kg2 Kg5 43. Kf2 Kh4 44.
Kg2 g3 45. Qd1 Qxc4 46. Qd2 Qf7 47. Nxd4 Bxd4 48. Qxd4 Qa2+ 49. Kf3 Qa3+
50. Kg2 Qc5 51. Qf6+ Kg4 52. Qf3+ Kg5 53. Qxg3+ Kf6 54. Qd3 Ke6 55. Kf3 Ke7
56. Qb3 d5 57. Qb2 1/2-1/2

[Event "TCh-RUS"]
[Site "Togliatti RUS"]
[Date "2003.05.24"]
[Round "9"]
[White "Beletsky,A"]
[Black "Torbin,K"]
[Result "1-0"]
[WhiteElo "2439"]
[BlackElo "2427"]
[EventDate "2003.05.16"]

1. d4 d5 2. c4 dxc4 3. Nf3 Nf6 4. e3 e6 5. Nbd2 a6 6. Nxc4 Nbd7 7. a4 b6 8.
Be2 Bb7 9. O-O Be7 10. Nfe5 Nxe5 11. Nxe5 c5 12. Bf3 Bxf3 13. Qxf3 Qd5 14.
Qxd5 Nxd5 15. dxc5 Bxc5 16. Rd1 f5 17. b3 Be7 18. Bb2 Bf6 19. Rac1 Ke7 20.
Ba3+ Ke8 21. Rc6 Bxe5 22. Rxe6+ Kf7 23. Rxe5 Nc3 24. Re7+ Kf6 25. Rdd7 Rad8
26. Rf7+ Ke6 27. Rde7+ Kd5 28. Bb2 Ne4 29. Rxf5+ Kc6 30. Bd4 1-0

[Event "TCh-RUS"]
[Site "Togliatti RUS"]
[Date "2003.05.24"]
[Round "9"]
[White "Isajevsky,A"]
[Black "Odinokov,N"]
[Result "0-1"]
[WhiteElo "2385"]
[BlackElo "2349"]
[EventDate "2003.05.16"]

1. c4 g6 2. Nc3 Bg7 3. d4 f5 4. h4 Nf6 5. Nh3 d6 6. d5 e5 7. dxe6 Bxe6 8.
Nf4 Bf7 9. h5 O-O 10. hxg6 hxg6 11. e3 Nbd7 12. Be2 Ne5 13. b3 g5 14. Nd3
Ne4 15. Bb2 Nxc4 16. bxc4 Nxc3 17. Qb3 Nxe2 18. Kxe2 Bg6 19. Bxg7 Kxg7 20.
Qxb7 f4 21. Qd5 Qf6 22. Qd4 Qxd4 23. exd4 f3+ 24. gxf3 Rae8+ 25. Kd2 Rxf3
26. Nc1 Rxf2+ 27. Kc3 Rc2+ 28. Kb4 Rb8+ 0-1

[Event "TCh-RUS"]
[Site "Togliatti RUS"]
[Date "2003.05.24"]
[Round "9"]
[White "Burmakin,V"]
[Black "Loginov,Va"]
[Result "1/2-1/2"]
[WhiteElo "2569"]
[BlackElo "2540"]
[EventDate "2003.05.16"]

1. d4 Nf6 2. Nf3 g6 3. c4 Bg7 4. Nc3 O-O 5. e4 d6 6. Be2 e5 7. O-O Na6 8.
Be3 h6 9. h3 exd4 10. Bxd4 Re8 11. e5 dxe5 12. Bxe5 Qxd1 13. Rfxd1 c6 14.
Bf1 Nc5 15. b4 Ncd7 16. Bh2 a5 17. b5 Nc5 18. Rac1 Nfe4 19. Nxe4 Nxe4 20.
bxc6 bxc6 21. Nd4 Bd7 22. g4 Ra7 23. f3 Nc5 24. Bg3 Rb7 25. Bf2 Bf8 26. Rc2
a4 27. Rcd2 Reb8 28. Bg3 Re8 29. Bf2 Reb8 30. Bg3 1/2-1/2

[Event "TCh-RUS"]
[Site "Togliatti RUS"]
[Date "2003.05.24"]
[Round "9"]
[White "Yevseev,D"]
[Black "Balashov,Y"]
[Result "1/2-1/2"]
[WhiteElo "2580"]
[BlackElo "2494"]
[EventDate "2003.05.16"]

1. d4 Nf6 2. c4 e6 3. g3 d5 4. Bg2 Bb4+ 5. Bd2 Be7 6. Nf3 O-O 7. O-O c6 8.
Bf4 b6 9. Nc3 Bb7 10. Ne5 Nfd7 11. e4 Nxe5 12. Bxe5 dxc4 13. Qg4 g6 14.
Rad1 Nd7 15. Bf4 c5 16. dxc5 bxc5 17. Qe2 Bc6 18. Qxc4 Qb6 19. Qe2 Rfe8 20.
h4 Rad8 21. e5 Nb8 22. Bg5 Rd4 23. Rxd4 cxd4 24. Bxc6 Nxc6 25. Ne4 d3 26.
Qxd3 Nxe5 27. Qe2 Nc6 28. Bxe7 1/2-1/2

[Event "TCh-RUS"]
[Site "Togliatti RUS"]
[Date "2003.05.24"]
[Round "9"]
[White "Bachin,V"]
[Black "Klimov,S"]
[Result "1-0"]
[WhiteElo "2443"]
[BlackElo "2507"]
[EventDate "2003.05.16"]

1. e4 e6 2. d3 c5 3. g3 d5 4. exd5 exd5 5. Bg2 Be7 6. Ne2 Nf6 7. O-O O-O 8.
d4 cxd4 9. Nxd4 Nc6 10. h3 Ne4 11. c3 Nxd4 12. cxd4 Bf5 13. g4 Bg6 14. f3
Nf6 15. Nc3 Qd7 16. Bf4 Bb4 17. Be5 Ne8 18. Rc1 f6 19. Bg3 Rc8 20. Qb3 Bxc3
21. Rxc3 Rxc3 22. Qxc3 Nd6 23. Re1 Nb5 24. Qb4 a5 25. Qa4 Re8 26. Bf1 Rxe1
27. Bxe1 Be8 28. Bxa5 Qc6 29. Qd1 Qd6 30. Qe1 Bc6 31. Bb4 Qb8 32. Bc5 h5
33. Qe6+ Kh8 34. Kg2 h4 35. Qe1 g5 36. a4 Na7 37. Qe7 Qg3+ 38. Kh1 Qxf3+
39. Bg2 Qf4 40. Bxa7 Qc1+ 41. Kh2 1-0

[Event "TCh-RUS"]
[Site "Togliatti RUS"]
[Date "2003.05.24"]
[Round "9"]
[White "Babiy,A"]
[Black "Vitiugov,N"]
[Result "0-1"]
[WhiteElo "2471"]
[BlackElo "2447"]
[EventDate "2003.05.16"]

1. Nf3 d5 2. d4 Nf6 3. Bg5 Ne4 4. Bf4 c5 5. e3 Nc6 6. c3 Bf5 7. Nbd2 e6 8.
Qb3 Nxd2 9. Nxd2 Qc8 10. Be2 Be7 11. dxc5 O-O 12. Qa3 e5 13. Bg3 a5 14. Qa4
Bxc5 15. e4 Be6 16. exd5 Bxd5 17. O-O f5 18. h3 Kh8 19. Nb3 Ba7 20. Qb5 f4
21. Qxd5 fxg3 22. Kh1 Bxf2 23. Rad1 Rf4 24. Qd7 a4 25. Nc1 e4 26. Bb5 a3
27. bxa3 Ne5 28. Qe7 Ng6 29. Qd6 Rf6 30. Qb4 e3 31. Ne2 Ne5 32. Rd5 Rh6 33.
Ng1 Nc6 34. Qc5 e2 35. Rxf2 e1=Q 36. Re2 Rxh3+ 0-1

[Event "TCh-RUS"]
[Site "Togliatti RUS"]
[Date "2003.05.24"]
[Round "9"]
[White "Smirnov,Ar"]
[Black "Ivanov,Al2"]
[Result "1-0"]
[WhiteElo "2368"]
[BlackElo "2419"]
[EventDate "2003.05.16"]

1. d4 d5 2. c4 c6 3. Nf3 Nf6 4. Nc3 a6 5. cxd5 cxd5 6. Ne5 e6 7. Bf4 Be7 8.
e3 Nfd7 9. Nf3 b5 10. Bd3 Bb7 11. O-O O-O 12. Qe2 Nf6 13. Rfc1 Nc6 14. a4
b4 15. Nb1 Ne8 16. Nbd2 Na5 17. Ne5 Bd6 18. Qh5 Nf6 19. Qd1 Qe7 20. Bg5 h6
21. Bxf6 gxf6 22. Qg4+ Kh8 23. Qh5 Kg7 24. Qg4+ Kh8 25. Qh5 Kg7 26. Ng4 Rh8
27. f4 f5 28. Ne5 f6 29. Nef3 Qf7 30. Qh3 Rhg8 31. Rc2 Rac8 32. Rac1 Rxc2
33. Rxc2 Ra8 34. Nf1 b3 35. Rc1 Rc8 36. Rxc8 Bxc8 37. Qg3+ Kf8 38. Qh4 Qg7
39. Ng3 Ke7 40. Ne5 Bxe5 41. dxe5 Qg6 42. Nh5 Kf8 43. Nxf6 Nc4 44. Bxc4
dxc4 45. Qe1 Qf7 46. Qb4+ Qe7 47. Qxc4 Qb7 48. Qc5+ Kf7 49. Kf2 Bd7 50. Qd4
Bc6 51. Qd8 a5 52. h3 h5 53. Nh7 Qd7 54. Ng5+ Kg7 55. Qf6+ Kg8 56. Qg6+ 1-0

[Event "TCh-RUS"]
[Site "Togliatti RUS"]
[Date "2003.05.25"]
[Round "10"]
[White "Belozerov,A"]
[Black "Galkin,A"]
[Result "1/2-1/2"]
[WhiteElo "2533"]
[BlackElo "2591"]
[EventDate "2003.05.16"]

1. d4 d5 2. c4 e6 3. Nf3 c6 4. Bg5 Be7 5. Bxe7 Qxe7 6. e3 Nf6 7. Nc3 O-O 8.
Bd3 dxc4 9. Bxc4 c5 10. O-O Nc6 11. Qe2 b6 12. dxc5 Qxc5 13. Rac1 Bb7 14.
Ba6 Qe7 15. Bxb7 Qxb7 16. e4 Rfd8 17. Rfd1 Rxd1+ 18. Rxd1 Rd8 19. e5 Nd5
20. Nxd5 Rxd5 1/2-1/2

[Event "TCh-RUS"]
[Site "Togliatti RUS"]
[Date "2003.05.25"]
[Round "10"]
[White "Rublevsky,S"]
[Black "Grischuk,A"]
[Result "1/2-1/2"]
[WhiteElo "2670"]
[BlackElo "2701"]
[EventDate "2003.05.16"]

1. e4 e5 2. Nf3 Nc6 3. d4 exd4 4. Nxd4 Bc5 5. Nxc6 Qf6 6. Qd2 Qxc6 7. Bd3
Nf6 8. Nc3 O-O 9. O-O Re8 10. Qe2 b6 11. Nd5 Nxd5 1/2-1/2

[Event "TCh-RUS"]
[Site "Togliatti RUS"]
[Date "2003.05.25"]
[Round "10"]
[White "Shariyazdanov,A"]
[Black "Hasangatin,R"]
[Result "1/2-1/2"]
[WhiteElo "2589"]
[BlackElo "2517"]
[EventDate "2003.05.16"]

1. d4 d5 2. c4 c6 3. Nc3 Nf6 4. e3 g6 5. Nf3 Bg7 6. Be2 O-O 7. O-O a6 8. a4
a5 9. b3 Bf5 10. Ba3 Ne4 11. Rc1 Na6 12. cxd5 cxd5 13. Nxe4 Bxe4 14. Ne5
Nb4 15. Qd2 Qd6 16. f3 f6 17. fxe4 fxe5 18. exd5 exd4 19. exd4 Rxf1+ 20.
Rxf1 Rf8 21. Rxf8+ Kxf8 22. Bc4 Qf6 23. Bb2 Ke8 24. h3 Qf5 25. Bc3 Nxd5 26.
Bb2 Nb4 27. Kh2 Bf6 28. Bc1 Qe4 29. Bb5+ Kd8 30. Bb2 g5 31. Bc3 h5 32. Qf2
h4 33. Qf3 Qxf3 34. gxf3 b6 35. Bxb4 1/2-1/2

[Event "TCh-RUS"]
[Site "Togliatti RUS"]
[Date "2003.05.25"]
[Round "10"]
[White "Kovalevskaya,E"]
[Black "Volkov,S"]
[Result "0-1"]
[WhiteElo "2447"]
[BlackElo "2634"]
[EventDate "2003.05.16"]

1. e4 e6 2. d4 d5 3. Nc3 Nf6 4. Bg5 Bb4 5. exd5 Qxd5 6. Bxf6 Bxc3+ 7. bxc3
gxf6 8. Qd2 Qa5 9. Ne2 b6 10. Qf4 Nd7 11. Qf3 Rb8 12. Nf4 e5 13. dxe5 fxe5
14. Nh5 Bb7 15. Qg3 Qd5 16. Qg7 Ke7 17. Qg5+ f6 18. Qg7+ Qf7 19. O-O-O Qxg7
20. Nxg7 Rhg8 21. f3 Nc5 22. Bd3 Na4 23. Rde1 Nxc3 24. a3 b5 25. Nf5+ Kf8
26. Ng3 h6 0-1

[Event "TCh-RUS"]
[Site "Togliatti RUS"]
[Date "2003.05.25"]
[Round "10"]
[White "Smirnov,P"]
[Black "Ovetchkin,R"]
[Result "1-0"]
[WhiteElo "2615"]
[BlackElo "2535"]
[EventDate "2003.05.16"]

1. e4 c6 2. d4 d5 3. e5 Bf5 4. Nc3 e6 5. g4 Bg6 6. Nge2 Qh4 7. Ng3 Bb4 8.
Bg2 h5 9. h3 Nd7 10. Bf4 O-O-O 11. Qd2 Qe7 12. O-O-O Nb6 13. Kb1 Nc4 14.
Qe1 Ba5 15. Bc1 hxg4 16. hxg4 Rxh1 17. Bxh1 Qb4 18. b3 Nh6 19. Bf3 c5 20.
dxc5 Kb8 21. Qe2 Bc7 22. Na4 Bxe5 23. Be4 Bxg3 24. Bxg6 Bc7 25. c3 Qb5 26.
Bd3 Qe8 27. g5 Ng8 28. f4 Na5 29. Nb2 Nc6 30. b4 e5 31. b5 Na5 32. fxe5
Bxe5 33. Re1 f6 34. Bf4 Rc8 35. Qh2 Qf8 36. Bxe5+ fxe5 37. Qxe5+ Ka8 38.
Qxd5 Qf2 39. Qe5 a6 40. Rf1 Qg2 41. bxa6 Nc6 42. axb7+ Kxb7 43. Rf7+ Ka8
44. Be4 1-0

[Event "TCh-RUS"]
[Site "Togliatti RUS"]
[Date "2003.05.25"]
[Round "10"]
[White "Ogloblin,N"]
[Black "Lugovoi,A"]
[Result "0-1"]
[WhiteElo "2422"]
[BlackElo "2563"]
[EventDate "2003.05.16"]

1. d4 Nf6 2. c4 e6 3. g3 d5 4. Nf3 Bb4+ 5. Bd2 Be7 6. Bg2 O-O 7. O-O c6 8.
Qc2 b6 9. b3 Nbd7 10. Nc3 Ba6 11. e4 dxc4 12. Rfd1 cxb3 13. axb3 Bb7 14.
Bf4 b5 15. h4 h6 16. Ra2 Qb6 17. Qc1 Rfe8 18. Rc2 Bf8 19. Ne5 a6 20. Be3
Qa5 21. Nd3 Ng4 22. b4 Qb6 23. Nc5 Nxc5 24. bxc5 Qc7 25. e5 Nxe3 26. Qxe3
a5 27. Ne4 b4 28. Rb2 Ba6 29. Qf3 Qd7 30. Nd6 Bxd6 31. cxd6 Bb5 32. Qf4 Bc4
33. Rc1 Bd5 34. Qd2 Reb8 35. Ra1 Bxg2 36. Kxg2 Qb7 37. Kh2 a4 38. Qc1 b3
39. Qc5 Qb4 40. Qxb4 Rxb4 41. Ra3 Rab8 0-1

[Event "TCh-RUS"]
[Site "Togliatti RUS"]
[Date "2003.05.25"]
[Round "10"]
[White "Vitiugov,N"]
[Black "Frolyanov,D"]
[Result "1/2-1/2"]
[WhiteElo "2447"]
[BlackElo "2500"]
[EventDate "2003.05.16"]

1. d4 d5 2. c4 e6 3. Nc3 c6 4. e3 Bd6 5. Nf3 f5 6. Ne5 Nf6 7. f4 O-O 8. Be2
b6 9. O-O Bb7 10. b3 Nbd7 11. a4 a5 12. Bb2 Rc8 13. Rc1 1/2-1/2

[Event "TCh-RUS"]
[Site "Togliatti RUS"]
[Date "2003.05.25"]
[Round "10"]
[White "Bocharov,D"]
[Black "Burmakin,V"]
[Result "1/2-1/2"]
[WhiteElo "2492"]
[BlackElo "2569"]
[EventDate "2003.05.16"]

1. d4 d5 2. c4 c6 3. Nf3 Nf6 4. Nc3 a6 5. c5 Nbd7 6. Bf4 Nh5 7. Bg5 h6 8.
Bd2 g6 9. e4 dxe4 10. Nxe4 Bg7 11. Bc4 Nhf6 12. Nc3 O-O 13. O-O b6 14. b4
a5 15. a3 Ba6 16. Qe2 Bxc4 17. Qxc4 Qc7 18. Rae1 e6 19. g3 Nd5 20. Nxd5
exd5 21. Qc1 axb4 22. axb4 bxc5 23. dxc5 Qb7 24. Bc3 Rfe8 25. Bxg7 Kxg7 26.
Qc3+ Kg8 27. h4 Nf8 28. h5 Rab8 29. hxg6 Nxg6 30. Rxe8+ Rxe8 31. Nd4 Qc8
32. Qf3 Re4 33. Qf6 Nh4 34. Kh2 Rxd4 35. gxh4 Rg4 36. Re1 Qb8+ 37. Kh1 Rg6
38. Qd4 Qc8 39. Re3 h5 40. Kh2 Qb8+ 41. f4 Qd8 42. Rh3 Qe7 43. Qe5 Qxe5 44.
fxe5 1/2-1/2

[Event "TCh-RUS"]
[Site "Togliatti RUS"]
[Date "2003.05.25"]
[Round "10"]
[White "Balashov,Y"]
[Black "Frolov,D"]
[Result "1-0"]
[WhiteElo "2494"]
[BlackElo "2418"]
[EventDate "2003.05.16"]

1. c4 e5 2. Nc3 Nf6 3. Nf3 Nc6 4. g3 d5 5. cxd5 Nxd5 6. Bg2 Nb6 7. O-O Be7
8. d3 O-O 9. a4 a5 10. Be3 Be6 11. Rc1 Nd5 12. Nxd5 Bxd5 13. Nd2 Bxg2 14.
Kxg2 Nd4 15. Bxd4 exd4 16. Qb3 Bb4 17. Ne4 Kh8 18. f4 f5 19. Ng5 Qd7 20.
Qe6 Rad8 21. Qxd7 Rxd7 22. Nf3 Re8 23. Rf2 c5 24. h3 Rde7 25. Rc2 b6 26. h4
h5 27. Ne5 Re6 28. Rf3 g6 29. e3 dxe3 30. Rxe3 Kg7 31. Rce2 R8e7 32. Nc4
Rxe3 33. Rxe3 Rxe3 34. Nxe3 Kf7 35. Nc4 Ke6 36. Nxb6 Be1 37. Nc4 Kf6 38.
Ne5 Bb4 39. Kf1 Kg7 40. Ke2 Kf6 41. Nc6 Ke6 42. Nxb4 cxb4 43. d4 1-0

[Event "TCh-RUS"]
[Site "Togliatti RUS"]
[Date "2003.05.25"]
[Round "10"]
[White "Vekshenkov,N"]
[Black "Beletsky,A"]
[Result "1-0"]
[WhiteElo "2417"]
[BlackElo "2439"]
[EventDate "2003.05.16"]

1. Nf3 Nf6 2. c4 c5 3. Nc3 g6 4. d4 cxd4 5. Nxd4 Bg7 6. e4 Nc6 7. Be3 O-O
8. Be2 d6 9. O-O Nd7 10. Rb1 Nc5 11. b4 Ne6 12. Nxe6 fxe6 13. Qd2 b6 14.
Rfd1 h5 15. Nd5 Kh7 16. Nf4 e5 17. Nd5 e6 18. Nc3 Nd4 19. Nb5 Nxb5 20. cxb5
Bb7 21. Qxd6 Bxe4 22. Rbc1 Bd5 23. Qxd8 Rfxd8 24. a4 Rdc8 25. a5 Bf8 26.
axb6 axb6 27. Bxb6 Bxb4 28. Be3 Bc3 29. b6 Rab8 30. h4 Kg7 31. Rc2 Bb3 32.
Rd7+ Kf6 33. Rc1 Bd4 34. Rxc8 Rxc8 35. b7 Rb8 36. Bg5+ Kf5 37. Bd3+ Kg4 38.
Rf7 1-0